Environment,Economics and Commerce Education / (Record no. 155026)

MARC details
000 -LEADER
fixed length control field 00580nam a22001937a 4500
003 - CONTROL NUMBER IDENTIFIER
control field dpl
005 - DATE AND TIME OF LATEST TRANSACTION
control field 20180728121255.0
008 - FIXED-LENGTH DATA ELEMENTS--GENERAL INFORMATION
fixed length control field 180728b xxu||||| |||| 00| 0 eng d
020 ## - INTERNATIONAL STANDARD BOOK NUMBER
International Standard Book Number 8176295795
Terms of availability 380.00
035 ## - SYSTEM CONTROL NUMBER
System control number B-159252
040 ## - CATALOGING SOURCE
Original cataloging agency DPL
Language of cataloging EN
Transcribing agency 0
082 ## - DEWEY DECIMAL CLASSIFICATION NUMBER
Classification number 330
245 ## - TITLE STATEMENT
Title Environment,Economics and Commerce Education /
Statement of responsibility, etc Ed.by Bhalla,G.S. [and] Bawa Sumninder
260 ## - PUBLICATION, DISTRIBUTION, ETC. (IMPRINT)
Place of publication, distribution, etc New Delhi
Name of publisher, distributor, etc Deep & Deep Publications Pvt Ltd
Date of publication, distribution, etc 2004
300 ## - PHYSICAL DESCRIPTION
Extent xiv,257p;
Dimensions 21cm
500 ## - GENERAL NOTE
General note includes index
700 ## - ADDED ENTRY--PERSONAL NAME
Personal name Bawa,Sumninder
942 ## - ADDED ENTRY ELEMENTS (KOHA)
Source of classification or shelving scheme Dewey Decimal Classification
Koha item type English Books
Classification part 330
Call number suffix ENV
Holdings
Withdrawn status Lost status Source of classification or shelving scheme Damaged status Not for loan Collection code Home library Current library Date acquired Source of acquisition Cost, normal purchase price Total Checkouts Full call number Barcode Date last seen Date checked out Cost, replacement price Price effective from Koha item type
    Dewey Decimal Classification     Non-fiction Patel Nagar Patel Nagar 28/07/2018 BPPD/PUB 380.00 1 330 ENV B-159252 04/11/2019 22/10/2019 380.00 28/07/2018 English Books

© Delhi Public Library
Hit Counter
free hit counter